| 000 | 00557nam a2200229Ia 4500 | ||
|---|---|---|---|
| 003 | OSt | ||
| 005 | 20231012094950.0 | ||
| 008 | 210210b1932 xxu||||| |||| 00| 0 eng d | ||
| 040 | _cAL | ||
| 041 | _aeng | ||
| 082 | _a822/1157 | ||
| 100 |
_aSTEVENSON _9137605 |
||
| 245 | _aModern literary essays | ||
| 260 |
_aLondon _bUniversity of London _c1932 |
||
| 650 |
_aModern _9137606 |
||
| 650 |
_aliterary _9137607 |
||
| 650 |
_aessays _9137608 |
||
| 690 |
_aEnglish Prose _9137609 |
||
| 700 |
_aand others _9137610 |
||
| 906 | _a013339 | ||
| 942 |
_2ddc _cBK |
||
| 999 |
_c132204 _d132204 |
||